Bytový dom

Gespeichert in:
Bibliographische Detailangaben
1. Verfasser: Berec, Róbert (Verfasst von)
Weitere Verfasser: Antošová, Naďa (Betreuung Doktorarbeit)
Format: Manuskript Buch
Sprache:Slowakisch
Veröffentlicht: 2022
Schlagworte:
Online-Zugang:http://is.stuba.sk/zp/portal_zp.pl?podrobnosti=171990
https://opac.crzp.sk/?fn=detailBiblioForm&sid=EC9507141B5FF6F0450BCEC822A1
Tags: Tag hinzufügen
Keine Tags, Fügen Sie das erste Tag hinzu!

MARC

LEADER 00000ntm a22000003a 4500
001 stuzp87041
003 SK-STU
005 20230424140539.5
007 ta
008 150427s2015----xo-----f-mn---000-0-slo-d
040 |a STU  |b slo 
041 0 |a slo 
100 1 |a Berec, Róbert  |u 010270  |4 aut  |U SvF Stavebná fakulta  |T SvF Katedra technológie stavieb  |X 103527  |U V270  |Y 28  |7 103527 
242 0 1 |a Residential house  |y eng 
245 1 0 |a Bytový dom 
260 |c 2022 
650 4 |a Lešenie  |2 slo 
650 4 |a Stavba  |2 slo 
650 4 |a Projekt  |2 slo 
650 4 |a Construction  |2 eng 
650 4 |a Project  |2 eng 
650 4 |a Scaffolding  |2 eng 
700 1 |a Antošová, Naďa  |u 010270  |k Z1  |4 ths  |U SvF Stavebná fakulta  |T SvF Katedra technológie stavieb  |X 3720  |U V270  |Y 28  |7 A000003720 
856 4 |u http://is.stuba.sk/zp/portal_zp.pl?podrobnosti=171990 
856 4 |u https://opac.crzp.sk/?fn=detailBiblioForm&sid=EC9507141B5FF6F0450BCEC822A1